| 000 | 00410 a2200157 4500 | ||
|---|---|---|---|
| 001 | 169390 | ||
| 020 | _a | ||
| 040 | _cMagnum | ||
| 100 | _aKramer, Sonia (Orgs.) | ||
| 240 | 1 | 0 |
_aHistorias de professores: leitura, escrita e pesquisa em educacao _lpor |
| 245 | 1 | 0 | _aHistorias de professores: leitura, escrita e pesquisa em educacao |
| 362 | 0 | _a1899 | |
| 440 | 1 | _aÁtica | |
| 697 | _aENSINO | ||
| 942 | _cBK | ||
| 999 |
_c169390 _d169390 |
||